[Event "ICS rated standard match"]
[Site "204.178.125.65"]
[Date "2001.01.20"]
[Round "?"]
[White "Hossa"]
[Black "BrazilianMaster"]
[Result "0-1"]
[WhiteElo "2328"]
[BlackElo "2648"]
[PlyCount "200"]
[EventDate "2001.??.??"]

1. Nf3 d5 2. d4 Nc6 3. Bf4 Bg4 4. e3 e6 5. Bd3 Bd6 6. Bxd6 cxd6 7. Nc3 Qb6 8.
Qd2 Nf6 9. O-O-O O-O 10. h3 Bxf3 11. gxf3 Rfc8 12. Kb1 Na5 13. Rhg1 Nc4 14.
Bxc4 Rxc4 15. Ne2 Rac8 16. c3 g6 17. h4 a5 18. Rg2 Qc7 19. Nf4 b5 20. h5 Qe7
21. Rh1 Qe8 22. hxg6 fxg6 23. Qd3 Kg7 24. Rxh7+ Nxh7 25. Rxg6+ Kh8 26. Rxe6 Qg8
27. Rg6 Qf7 28. Rxd6 R4c7 29. Nxd5 Rc6 30. Rxc6 Rxc6 31. Qxb5 Qxf3 32. a3 Rc8
33. Nf4 Nf6 34. Qa6 Qh1+ 35. Kc2 Qe4+ 36. Kc1 Rf8 37. Qxa5 Qh1+ 38. Kc2 Qe4+
39. Nd3 Ng4 40. Qh5+ Kg7 41. Qg5+ Kh7 42. Qh4+ Kg8 43. Kb3 Nxf2 44. Qg5+ Kh7
45. Ne5 Nd3 46. Qe7+ Kg8 47. Qe6+ Kg7 48. Qd7+ Kh8 49. Qh3+ Kg7 50. Qg3+ Kh7
51. Qh2+ Kg7 52. Qg1+ Kh6 53. Nxd3 Qxd3 54. Qh2+ Kg6 55. Qg3+ Kh7 56. Qh3+ Kg7
57. Qg4+ Kf6 58. Qf4+ Qf5 59. Qd6+ Kf7 60. Qc7+ Kf6 61. Qc6+ Qe6+ 62. Qxe6+
Kxe6 63. e4 Rf4 64. e5 Kd5 65. a4 Rf2 66. a5 Rh2 67. a6 Rh6 68. a7 Ra6 69. Kc2
Ke4 70. a8=Q+ Rxa8 71. Kd2 Rf8 72. Kc2 Rf2+ 73. Kb3 Kd5 74. e6 Re2 75. e7 Rxe7
76. Kc2 Re2+ 77. Kd3 Rxb2 78. c4+ Kd6 79. Kc3 Rg2 80. Kd3 Rg3+ 81. Ke4 Rh3 82.
c5+ Kc6 83. Kf4 Kd5 84. Kg4 Rh6 85. Kg5 Ra6 86. Kf5 Kxd4 87. Kf4 Rg6 88. c6
Rxc6 89. Kf5 Ra6 90. Kf4 Ra5 91. Kf3 Kd3 92. Kf4 Rc5 93. Kg3 Ke3 94. Kg4 Re5
95. Kg3 Re4 96. Kg2 Rg4+ 97. Kh3 Kf3 98. Kh2 Rh4+ 99. Kg1 Rh3 100. Kf1 Rh1# {
Hossa checkmated} 0-1

[Event "ICS rated blitz match"]
[Site "204.178.125.65"]
[Date "2001.01.20"]
[Round "?"]
[White "cmslim"]
[Black "Hossa"]
[Result "1-0"]
[WhiteElo "2810"]
[BlackElo "2540"]
[PlyCount "67"]
[EventDate "2001.??.??"]

1. d4 Nf6 2. Bg5 g6 3. Bxf6 exf6 4. c4 Bg7 5. Nc3 O-O 6. e3 d6 7. Nf3 c5 8. Be2
Bg4 9. h3 Bxf3 10. Bxf3 cxd4 11. Bxb7 dxc3 12. Bxa8 cxb2 13. Rb1 Qa5+ 14. Qd2
Qxa2 15. Qxb2 Qxc4 16. Rc1 Qe6 17. Qa3 Qe7 18. Bd5 Qe5 19. Qa2 Qe7 20. Rb1 Nd7
21. Rb7 Qe8 22. O-O a5 23. Rfb1 Qd8 24. Ra7 Qc8 25. Rbb7 Qc1+ 26. Kh2 Nc5 27.
Rxf7 Rxf7 28. Be4 Qh1+ 29. Kxh1 d5 30. Qxd5 Kh8 31. Qxf7 Ne6 32. Ra8+ Bf8 33.
Rxf8+ Nxf8 34. Qxf8# {Hossa checkmated} 1-0

[Event "ICS rated blitz match"]
[Site "204.178.125.65"]
[Date "2001.01.20"]
[Round "?"]
[White "Hossa"]
[Black "cmslim"]
[Result "0-1"]
[WhiteElo "2534"]
[BlackElo "2816"]
[PlyCount "62"]
[EventDate "2001.??.??"]

1. d4 c6 2. c4 d5 3. Nf3 Nf6 4. cxd5 cxd5 5. Nc3 Nc6 6. Bg5 Ne4 7. Nxe4 dxe4 8.
d5 Qa5+ 9. Qd2 Nb4 10. Nd4 e5 11. dxe6 Nd3+ 12. exd3 Bb4 13. exf7+ Kxf7 14.
dxe4 Qc5 15. Nf3 Be6 16. Bd3 Rhd8 17. Bxd8 Bxd2+ 18. Nxd2 Rxd8 19. Be2 Qb4 20.
O-O-O Bxa2 21. f4 Rc8+ 22. Nc4 Bxc4 23. Bxc4+ Qxc4+ 24. Kb1 Qc2+ 25. Ka2 Rc6
26. Rd7+ Ke8 27. Rd8+ Kxd8 28. Rd1+ Qxd1 29. Ka3 Rc4 30. b4 Qa1+ 31. Kb3 Rc3# {
Hossa checkmated} 0-1

[Event "ICS rated blitz match"]
[Site "204.178.125.65"]
[Date "2001.01.20"]
[Round "?"]
[White "aschu"]
[Black "Hossa"]
[Result "0-1"]
[WhiteElo "1966"]
[BlackElo "2529"]
[PlyCount "78"]
[EventDate "2001.??.??"]

1. g3 g6 2. a3 d5 3. h3 Bg7 4. d3 Nf6 5. e3 e5 6. Bg2 O-O 7. Ne2 Be6 8. O-O Qc8
9. Kh2 c5 10. Nd2 Nc6 11. Ng1 Bh6 12. Ne2 c4 13. Ng1 cxd3 14. cxd3 Qc7 15. b4
Rac8 16. Bb2 Bf5 17. Nb3 Qe7 18. Rc1 Nb8 19. Rxc8 Bxc8 20. Nf3 e4 21. dxe4 dxe4
22. Nfd4 Rd8 23. Qa1 Bg7 24. Rc1 b6 25. Bc3 h5 26. Qb2 h4 27. g4 Nd5 28. Kg1
Be5 29. Ne2 Nxc3 30. Nxc3 Ba6 31. b5 Bxb5 32. Bf1 Bxf1 33. Kxf1 Bxc3 34. Qxc3
Qxa3 35. Qc4 Qe7 36. Qc7 Qxc7 37. Rxc7 a5 38. Ke2 Na6 39. Nd4 Nxc7 {
aschu resigns} 0-1

[Event "ICS rated blitz match"]
[Site "204.178.125.65"]
[Date "2001.01.20"]
[Round "?"]
[White "Hossa"]
[Black "Nywinner23"]
[Result "1-0"]
[WhiteElo "2530"]
[BlackElo "1984"]
[PlyCount "39"]
[EventDate "2001.??.??"]

1. e4 d5 2. exd5 Nf6 3. d4 c6 4. dxc6 e5 5. cxb7 Bxb7 6. dxe5 Qxd1+ 7. Kxd1 Ng4
8. Nh3 Nxe5 9. Bb5+ Nbc6 10. Bf4 O-O-O+ 11. Kc1 f6 12. Re1 Bc5 13. Nc3 Nd4 14.
Bxe5 Nxb5 15. Nxb5 fxe5 16. Rxe5 Bb6 17. f3 Rhe8 18. Rxe8 Rxe8 19. Nd6+ Kd7 20.
Nxe8 {Nywinner23 resigns} 1-0

[Event "ICS rated blitz match"]
[Site "204.178.125.65"]
[Date "2001.01.20"]
[Round "?"]
[White "Nywinner23"]
[Black "Hossa"]
[Result "0-1"]
[WhiteElo "1983"]
[BlackElo "2531"]
[PlyCount "28"]
[EventDate "2001.??.??"]

1. e4 e5 2. Nf3 Nf6 3. Bc4 Nxe4 4. Qe2 d5 5. Bb3 f6 6. d3 Nc5 7. Nxe5 fxe5 8.
Qxe5+ Be6 9. Bg5 Qd6 10. f4 Qxe5+ 11. fxe5 Nc6 12. Nd2 Nxb3 13. Nxb3 Nxe5 14.
Nc5 Bxc5 {Nywinner23 resigns} 0-1

[Event "ICS rated blitz match"]
[Site "204.178.125.65"]
[Date "2001.01.20"]
[Round "?"]
[White "echaniz"]
[Black "Hossa"]
[Result "0-1"]
[WhiteElo "1950"]
[BlackElo "2532"]
[PlyCount "50"]
[EventDate "2001.??.??"]

1. e4 e5 2. Nf3 Nf6 3. Nxe5 d6 4. Nf3 Nxe4 5. d4 d5 6. c4 Bb4+ 7. Bd2 Nxd2 8.
Nbxd2 O-O 9. Be2 dxc4 10. O-O c3 11. bxc3 Bxc3 12. Rc1 Bb2 13. Rc2 Bxd4 14. Nb3
Bb6 15. Qc1 Re8 16. Bc4 Bf5 17. Ng5 Bxc2 18. Bxf7+ Kh8 19. Bxe8 Bxb3 20. axb3
Qxe8 21. Qc4 h6 22. Nf7+ Kh7 23. Qf4 Nc6 24. Qf5+ Kg8 25. Qf4 Qxf7 {
echaniz resigns} 0-1

[Event "ICS rated blitz match"]
[Site "204.178.125.65"]
[Date "2001.01.20"]
[Round "?"]
[White "Hossa"]
[Black "armenjan"]
[Result "1-0"]
[WhiteElo "2533"]
[BlackElo "2161"]
[PlyCount "47"]
[EventDate "2001.??.??"]

1. e4 e6 2. d3 d5 3. Nd2 Nf6 4. g3 a5 5. Bg2 a4 6. Ne2 a3 7. O-O axb2 8. Bxb2
c6 9. c4 dxe4 10. Nxe4 Nxe4 11. dxe4 Qxd1 12. Rfxd1 Nd7 13. Nc1 Nc5 14. Nb3 f6
15. Bc3 e5 16. Bf3 Be6 17. Bb4 Na4 18. Bxf8 Rxf8 19. Rdc1 Ke7 20. Rab1 Rfd8 21.
c5 Rd7 22. Rc2 Rad8 23. Na5 Rb8 24. Nxc6+ {armenjan resigns} 1-0

[Event "ICS rated blitz match"]
[Site "204.178.125.65"]
[Date "2001.01.20"]
[Round "?"]
[White "armenjan"]
[Black "Hossa"]
[Result "0-1"]
[WhiteElo "2152"]
[BlackElo "2542"]
[PlyCount "61"]
[EventDate "2001.??.??"]

1. Nf3 d5 2. c4 e6 3. g3 c6 4. b3 Qf6 5. Nc3 e5 6. Bg2 e4 7. Ng1 Bc5 8. e3 Bf5
9. Nge2 Nd7 10. cxd5 cxd5 11. b4 Bxb4 12. Rb1 Nc5 13. O-O Bxc3 14. Nxc3 Ne7 15.
Ba3 b6 16. Bxc5 bxc5 17. Qa4+ Bd7 18. Qa5 Qd6 19. Nb5 Bxb5 20. Rxb5 c4 21. Rb7
Nc6 22. Qa4 O-O 23. Rfb1 Qf6 24. Bh3 Ne5 25. R7b5 Nf3+ 26. Kh1 Nxd2 27. Rd1
Qxf2 28. Rxd5 c3 29. Qc2 Qf3+ 30. Bg2 Qxe3 31. Rc5 {armenjan resigns} 0-1

[Event "ICS rated blitz match"]
[Site "204.178.125.65"]
[Date "2001.01.20"]
[Round "?"]
[White "Hossa"]
[Black "armenjan"]
[Result "1-0"]
[WhiteElo "2545"]
[BlackElo "2149"]
[PlyCount "93"]
[EventDate "2001.??.??"]

1. e4 e6 2. d3 d5 3. Nd2 Nf6 4. g3 a5 5. Bg2 a4 6. Ne2 a3 7. O-O axb2 8. Bxb2
c6 9. c4 dxe4 10. Nxe4 Nxe4 11. dxe4 Qxd1 12. Rfxd1 Nd7 13. Nc1 Nc5 14. Nb3 f6
15. Bc3 e5 16. Bf3 Be6 17. Bb4 Na4 18. Bxf8 Rxf8 19. Rdc1 Ke7 20. Rab1 c5 21.
Nd2 Ra7 22. Rb3 Rd8 23. Nf1 Rd4 24. Ne3 Kd8 25. Nd5 Bxd5 26. exd5 b6 27. Rc2
Kc7 28. h3 f5 29. Kf1 e4 30. Be2 Kd6 31. Kg2 Ra5 32. f3 b5 33. cxb5 Nb6 34. Kh2
Rxd5 35. Rbc3 Ra4 36. h4 g6 37. Kg2 Rad4 38. Kf1 Rd2 39. Rxc5 Rxc2 40. Rxc2
exf3 41. Rc6+ Ke5 42. Rxb6 fxe2+ 43. Kxe2 Rd4 44. Ke3 Ra4 45. Ra6 Rxa6 46. bxa6
Kd6 47. a7 {armenjan resigns} 1-0

[Event "ICS rated blitz match"]
[Site "204.178.125.65"]
[Date "2001.01.20"]
[Round "?"]
[White "armenjan"]
[Black "Hossa"]
[Result "0-1"]
[WhiteElo "2146"]
[BlackElo "2548"]
[PlyCount "104"]
[EventDate "2001.??.??"]

1. d4 c6 2. c4 d5 3. Nf3 Nf6 4. e3 e6 5. Nbd2 Nbd7 6. Bd3 Bb4 7. O-O O-O 8. a3
Bd6 9. e4 e5 10. cxd5 cxd5 11. exd5 exd4 12. Nxd4 Nc5 13. Be2 Nxd5 14. Nc4 Bb8
15. Bf3 Re8 16. b4 Nc3 17. Qd2 Qc7 18. g3 N5e4 19. Qd3 Bh3 20. Bg2 Bxg2 21.
Kxg2 Qc8 22. Be3 Be5 23. Rac1 Bxd4 24. Bxd4 Nd5 25. Ne5 Qf5 26. f3 Nxg3 27.
hxg3 Rxe5 28. Qxf5 Rxf5 29. Rfd1 Rg5 30. Kf2 Rh5 31. Kg2 f6 32. g4 Nf4+ 33. Kf2
Rd5 34. Be3 Nd3+ 35. Kg3 b6 36. Rc3 Nxb4 37. Rdc1 Nd3 38. Rc8+ Rd8 39. Rxa8
Rxa8 40. Rc7 Kf8 41. f4 Re8 42. Kf3 Re7 43. Rc8+ Kf7 44. a4 Nb2 45. a5 bxa5 46.
Bc5 Rb7 47. f5 g5 48. Rf8+ Kg7 49. Rc8 Rd7 50. Ke4 Nc4 51. Bf8+ Kf7 52. Bc5 Ne5
{armenjan resigns} 0-1

[Event "ICS Rated standard match"]
[Site "204.178.125.65"]
[Date "2001.01.20"]
[Round "?"]
[White "Hossa"]
[Black "Sisel"]
[Result "1-0"]
[WhiteElo "2324"]
[BlackElo "2097"]
[PlyCount "33"]
[EventDate "2001.??.??"]

1. d4 d6 2. Nf3 Nf6 3. e3 g6 4. Bb5+ c6 5. Bd3 Bg7 6. O-O O-O 7. e4 Bg4 8. h3
Bxf3 9. Qxf3 e5 10. dxe5 dxe5 11. Rd1 Qc7 12. Bg5 Nbd7 13. Nd2 h6 14. Bh4 Nh7
15. Nb3 Rad8 16. Bxd8 Rxd8 17. Bc4 {Sisel resigns} 1-0

[Event "ICS rated blitz match"]
[Site "204.178.125.65"]
[Date "2001.01.20"]
[Round "?"]
[White "Hossa"]
[Black "Valg"]
[Result "1-0"]
[WhiteElo "2551"]
[BlackElo "2777"]
[PlyCount "118"]
[EventDate "2001.??.??"]

1. e4 e5 2. Nf3 Nc6 3. Bc4 Bc5 4. c3 Nf6 5. d4 exd4 6. cxd4 Bb4+ 7. Bd2 Bxd2+
8. Nbxd2 d5 9. exd5 Nxd5 10. O-O O-O 11. Ne5 Nxe5 12. dxe5 Nf4 13. Nf3 Bg4 14.
Qb3 Bxf3 15. Qxf3 Qd4 16. Rac1 c6 17. Rfe1 Ng6 18. Qc3 Qxc3 19. Rxc3 Rad8 20.
e6 fxe6 21. Bxe6+ Kh8 22. Bb3 h6 23. Rg3 Rd6 24. Kf1 Rdf6 25. f3 Rd8 26. Re2
Nh4 27. Be6 Kh7 28. Rg4 Ng6 29. Bb3 Rf4 30. Rg3 Rd6 31. Re8 a5 32. Ra8 b6 33.
Rb8 b5 34. Bg8+ Kh8 35. Bd5+ Kh7 36. Be4 Re6 37. Bc2 Rd6 38. Re8 Rff6 39. h4
Rd2 40. Be4 Rd4 41. Rg4 Rxe4 42. Rgxe4 Nf4 43. Ra8 a4 44. Rd8 Rf5 45. Rd6 c5
46. a3 Ng6 47. Rb6 c4 48. Rg4 Ne5 49. Rg3 Nf7 50. Rb7 g5 51. Rg4 Kg6 52. Rb6+
Kh7 53. Re4 gxh4 54. Rxh4 Rd5 55. Rf4 Nd8 56. Rff6 Kg7 57. Rg6+ Kf7 58. Rxh6
Ke8 59. Rbd6 Rd3 {Valg resigns} 1-0

[Event "ICS rated blitz match"]
[Site "204.178.125.65"]
[Date "2001.01.20"]
[Round "?"]
[White "Hossa"]
[Black "jazzman-cps"]
[Result "1-0"]
[WhiteElo "2576"]
[BlackElo "1917"]
[PlyCount "75"]
[EventDate "2001.??.??"]

1. e4 e6 2. d3 d5 3. Nd2 c5 4. Ngf3 Nc6 5. exd5 exd5 6. Nb3 Bg4 7. Be2 h6 8.
O-O Nf6 9. Re1 Be7 10. Bf4 O-O 11. Ne5 Be6 12. Nxc6 bxc6 13. Qd2 Bd6 14. Bxd6
Qxd6 15. Rab1 d4 16. Qa5 Bxb3 17. axb3 Nd5 18. Bh5 Nb4 19. Rbc1 a6 20. Re2 Rfe8
21. Rce1 Rxe2 22. Rxe2 g6 23. Bf3 Qf4 24. Qa1 a5 25. Qd1 Kg7 26. Re4 Qf6 27.
Re1 a4 28. bxa4 Rxa4 29. c3 Nxd3 30. Qxd3 dxc3 31. Qxc3 Qxc3 32. bxc3 Rc4 33.
Rc1 Kf6 34. Bxc6 Ke5 35. g3 f6 36. Bb5 Re4 37. f3 Re3 38. Kf2 {
jazzman-cps resigns} 1-0

[Event "ICS rated blitz match"]
[Site "204.178.125.65"]
[Date "2001.01.20"]
[Round "?"]
[White "Valg"]
[Black "Hossa"]
[Result "1-0"]
[WhiteElo "2760"]
[BlackElo "2577"]
[PlyCount "109"]
[EventDate "2001.??.??"]

1. d4 c6 2. c4 d5 3. Nf3 Nf6 4. Nc3 dxc4 5. a4 c5 6. e3 cxd4 7. Bxc4 e6 8. Qxd4
Qxd4 9. Nxd4 Bc5 10. Ndb5 Na6 11. O-O O-O 12. Rd1 e5 13. Nd6 Nb4 14. Ncb5 Bg4
15. f3 Nc2 16. Nxb7 Bb6 17. fxg4 Nxa1 18. a5 a6 19. N5d6 Bc7 20. g5 Bxd6 21.
Nxd6 Ne8 22. Nxf7 Rxf7 23. Rd7 Nd6 24. Rxd6 Kf8 25. Bxf7 Kxf7 26. Bd2 e4 27.
Rd7+ Kg6 28. Bc3 Rg8 29. Rd6+ Kxg5 30. Rxa6 Nc2 31. Rc6 Kf5 32. Kf2 Rd8 33.
Bxg7 Rg8 34. Rxc2 Rxg7 35. a6 Ra7 36. Rc6 Ke5 37. b4 Rd7 38. b5 Rf7+ 39. Ke2
Rg7 40. b6 Rxg2+ 41. Kf1 Kd5 42. a7 Ra2 43. Rc2 Rxc2 44. a8=Q+ Kd6 45. Qa3+ Kd7
46. Qa4+ Rc6 47. b7 Kc7 48. Qa7 Rc1+ 49. Ke2 Rc2+ 50. Kd1 Rd2+ 51. Kxd2 Kd6 52.
b8=Q+ Ke6 53. Qg8+ Ke5 54. Qc5+ Kf6 55. Qcg5# {Hossa checkmated} 1-0

[Event "ICS Rated blitz match"]
[Site "204.178.125.65"]
[Date "2001.01.20"]
[Round "?"]
[White "Conjecture"]
[Black "Hossa"]
[Result "0-1"]
[WhiteElo "1997"]
[BlackElo "2569"]
[PlyCount "48"]
[EventDate "2001.??.??"]

1. e4 c5 2. Nf3 Nc6 3. d4 cxd4 4. Nxd4 e6 5. c4 Qh4 6. Nf3 Qxe4+ 7. Be3 Ne5 8.
Nbd2 Bb4 9. Rc1 Nxf3+ 10. gxf3 Qe5 11. Bg2 Qxb2 12. Rc2 Qa3 13. O-O d6 14. Ne4
Nf6 15. Nxf6+ gxf6 16. Qd4 e5 17. Qh4 Ke7 18. f4 Bf5 19. Re2 Rhg8 20. Kh1 Bd3
21. fxe5 Bxe2 22. Qxf6+ Ke8 23. Bxb7 Rg6 24. Bd5 Rxf6 {Conjecture resigns} 0-1

[Event "ICS rated blitz match"]
[Site "204.178.125.65"]
[Date "2001.01.20"]
[Round "?"]
[White "Hossa"]
[Black "Tinker"]
[Result "1/2-1/2"]
[WhiteElo "2570"]
[BlackElo "2337"]
[PlyCount "257"]
[EventDate "2001.??.??"]

1. d4 Nf6 2. c4 g6 3. Nc3 Bg7 4. Nf3 d5 5. Qb3 dxc4 6. Qxc4 O-O 7. e4 a6 8. Bg5
Bg4 9. Ne5 Bh5 10. Bd3 Nfd7 11. Nxd7 Qxd7 12. O-O Bxd4 13. Bxe7 Qxe7 14. Qxd4
Nc6 15. Nd5 Nxd4 16. Nxe7+ Kh8 17. f3 f5 18. exf5 Nxf5 19. Bxf5 gxf5 20. Rfd1
c6 21. Rd7 Rab8 22. Rad1 Bf7 23. b3 f4 24. R1d4 Be6 25. Rc7 Rbd8 26. Rxd8 Rxd8
27. Rxb7 Rd1+ 28. Kf2 Rd2+ 29. Kf1 Rxa2 30. Nxc6 Ra1+ 31. Ke2 Ra2+ 32. Kd3 Rxg2
33. Ke4 Rxh2 34. Nd4 Bh3 35. Ra7 Ra2 36. Kxf4 h6 37. Ke5 Ra5+ 38. Ke4 Bg2 39.
b4 Ra4 40. Nc6 h5 41. Rb7 h4 42. Kf4 Bf1 43. Kg5 Kg8 44. Ne7+ Kf8 45. Kxh4 Bb5
46. Ng6+ Ke8 47. Ne5 Rxb4+ 48. Kg5 a5 49. Kf6 Ba4 50. Re7+ Kd8 51. Ra7 Kc8 52.
Kg5 Rb5 53. f4 Bc2 54. Kg4 a4 55. Kf3 Rb3+ 56. Ke2 a3 57. Nc6 Be4 58. Ne5 Bb1
59. Nc6 a2 60. Ne7+ Kd8 61. Nc6+ Ke8 62. Ne5 Rb2+ 63. Ke3 Kf8 64. Kd4 Bf5 65.
Nc4 Rc2 66. Nd6 Rd2+ 67. Ke5 Bd7 68. Ne4 Re2 69. Kd5 Be8 70. Ng5 Rd2+ 71. Ke5
Bd7 72. Ne4 Rc2 73. f5 Be8 74. f6 Re2 75. Kd4 Bg6 76. Nc3 Rd2+ 77. Ke5 Bd3 78.
Nxa2 Rxa2 79. Rxa2 Bc4 80. Rc2 Bb3 81. Rc8+ Kf7 82. Rc7+ Kf8 83. Kd6 Ba2 84.
Rg7 Ke8 85. Re7+ Kf8 86. Rh7 Bc4 87. Rg7 Ke8 88. Rd7 Kf8 89. Ra7 Bb3 90. Rg7
Ke8 91. Re7+ Kf8 92. Ke5 Kg8 93. Rb7 Bc4 94. Kd6 Kf8 95. Kc6 Kg8 96. Re7 Ba2
97. Kc7 Bb3 98. Kd7 Kf8 99. Rh7 Bc2 100. Rh2 Bd1 101. Kd6 Bb3 102. Rb2 Bc4 103.
Rb4 Ba2 104. Ke5 Kg8 105. Rb8+ Kf7 106. Rb7+ Kf8 107. Kf5 Bc4 108. Re7 Bb3 109.
Re3 Bg8 110. Ra3 Bc4 111. Ke5 Kg8 112. Rg3+ Kf7 113. Rc3 Ba2 114. Rc7+ Kg8 115.
Rc8+ Kf7 116. Rc2 Bb3 117. Rb2 Bc4 118. Rb1 Kg8 119. Rg1+ Kf7 120. Ra1 Kg8 121.
Ra7 Bb3 122. Ra8+ Kf7 123. Ra3 Bc4 124. Rg3 Kf8 125. Rc3 Ba2 126. Rc8+ Kf7 127.
Rc2 Bb3 128. Rb2 Bc4 129. Rb1 {Game drawn by the 50 move rule} 1/2-1/2

[Event "ICS rated blitz match"]
[Site "204.178.125.65"]
[Date "2001.01.20"]
[Round "?"]
[White "Hossa"]
[Black "rogan"]
[Result "1-0"]
[WhiteElo "2561"]
[BlackElo "1919"]
[PlyCount "49"]
[EventDate "2001.??.??"]

1. d4 Nf6 2. Bg5 g6 3. Bxf6 exf6 4. c4 Bg7 5. Nc3 O-O 6. e3 b6 7. Bd3 Bb7 8.
Nf3 Nc6 9. O-O f5 10. a3 Re8 11. Nb5 a6 12. Nc3 Kh8 13. Qc2 Ne7 14. d5 Ng8 15.
b3 Qf6 16. Ne2 Qe7 17. Ra2 c6 18. Nc3 Rac8 19. Qd2 cxd5 20. Nxd5 Bxd5 21. cxd5
Bc3 22. Qc1 Nf6 23. Rc2 Nxd5 24. Bxa6 Rc7 25. Bc4 {rogan resigns} 1-0

[Event "ICS rated blitz match"]
[Site "204.178.125.65"]
[Date "2001.01.20"]
[Round "?"]
[White "frankenpole"]
[Black "Hossa"]
[Result "0-1"]
[WhiteElo "1937"]
[BlackElo "2562"]
[PlyCount "46"]
[EventDate "2001.??.??"]

1. e4 e5 2. Nf3 Nf6 3. Nxe5 d6 4. Nf3 Nxe4 5. d4 d5 6. Bd3 Bd6 7. O-O O-O 8.
Re1 Bf5 9. c3 Re8 10. Nbd2 Nxf2 11. Kxf2 Bxd3 12. Rxe8+ Qxe8 13. Nb3 Qe4 14.
Be3 Nc6 15. Nc5 Bxc5 16. dxc5 Re8 17. Qd2 Na5 18. Re1 Nc4 19. Ng5 Qh4+ 20. g3
Qxh2+ 21. Kf3 Ne5+ 22. Kf4 Qh5 23. Qf2 Ng6# {frankenpole checkmated} 0-1

[Event "ICS rated blitz match"]
[Site "204.178.125.65"]
[Date "2001.01.20"]
[Round "?"]
[White "Hossa"]
[Black "Mstahl"]
[Result "1-0"]
[WhiteElo "2563"]
[BlackElo "2152"]
[PlyCount "34"]
[EventDate "2001.??.??"]

1. d4 Nf6 2. Bg5 e6 3. e4 Be7 4. Bd3 d5 5. e5 Nfd7 6. Bxe7 Qxe7 7. c3 b6 8. Nf3
Ba6 9. Bxa6 Nxa6 10. Qa4 Nab8 11. c4 c6 12. O-O O-O 13. cxd5 cxd5 14. Rc1 Qd8
15. Nc3 a6 16. Nb5 f6 17. Nc7 Ra7 {Mstahl resigns} 1-0

[Event "ICS rated blitz match"]
[Site "204.178.125.65"]
[Date "2001.01.20"]
[Round "?"]
[White "Mstahl"]
[Black "Hossa"]
[Result "0-1"]
[WhiteElo "2149"]
[BlackElo "2566"]
[PlyCount "54"]
[EventDate "2001.??.??"]

1. d4 d5 2. f4 Nf6 3. c3 g6 4. e3 Bg7 5. Bd3 O-O 6. Nf3 Ne4 7. O-O c5 8. Nbd2
cxd4 9. exd4 Bf5 10. Qe2 Nd6 11. Bxf5 Nxf5 12. g4 Nd6 13. h3 Nd7 14. Ne5 Nf6
15. Kg2 Qc7 16. Nd3 Nfe4 17. Nxe4 Nxe4 18. Nf2 Qc6 19. Nxe4 dxe4 20. f5 e5 21.
dxe5 Bxe5 22. Be3 Rad8 23. Rad1 Rxd1 24. Qxd1 Qc4 25. Qb3 Qe2+ 26. Bf2 Qf3+ 27.
Kg1 Qxh3 {Mstahl resigns} 0-1

[Event "ICS rated blitz match"]
[Site "204.178.125.65"]
[Date "2001.01.20"]
[Round "?"]
[White "Hossa"]
[Black "Amateur"]
[Result "0-1"]
[WhiteElo "2569"]
[BlackElo "2605"]
[PlyCount "110"]
[EventDate "2001.??.??"]

1. d4 Nf6 2. Bg5 Ne4 3. h4 c5 4. d5 Nxg5 5. hxg5 Qb6 6. b3 g6 7. c3 Bg7 8. e4
Qa5 9. Qc2 Na6 10. Bxa6 Qxa6 11. Nf3 c4 12. Qb2 cxb3 13. axb3 Qd3 14. Nfd2 d6
15. Rh4 Bd7 16. Nc4 f6 17. e5 fxg5 18. Rd4 Qf5 19. Nb6 Rd8 20. Nxd7 dxe5 21.
Rd1 Rxd7 22. Rxa7 Rxd5 23. Rxd5 Qe4+ 24. Qe2 Qxd5 25. Nd2 Qxg2 26. Qb5+ Qc6 27.
Rxb7 Qxb5 28. Rxb5 Kf7 29. Ne4 g4 30. b4 h5 31. Rb7 Bh6 32. Ra7 Bf4 33. Nd6+
Ke6 34. Ne4 h4 35. c4 h3 36. Nc5+ Kf6 37. Ke2 h2 38. Ra1 h1=Q 39. Rxh1 Rxh1 40.
b5 Rb1 41. Kd3 Kf5 42. Kc3 e4 43. Nb3 Rf1 44. Nd4+ Kf6 45. b6 Rxf2 46. c5 g3
47. Kc4 g2 48. c6 g1=Q 49. c7 Rd2 50. Ne2 Rxe2 51. c8=Q Qc1+ 52. Kb5 Rb2+ 53.
Ka6 Qxc8+ 54. b7 Qxb7+ 55. Ka5 Ra2# {Hossa checkmated} 0-1

[Event "ICS rated blitz match"]
[Site "204.178.125.65"]
[Date "2001.01.20"]
[Round "?"]
[White "Hossa"]
[Black "PostModernist"]
[Result "0-1"]
[WhiteElo "2556"]
[BlackElo "2616"]
[PlyCount "134"]
[EventDate "2001.??.??"]

1. e4 c5 2. Nf3 Nc6 3. Bb5 d6 4. O-O Bd7 5. Re1 Nf6 6. c3 a6 7. Ba4 b5 8. Bc2
e5 9. a4 Be7 10. Na3 O-O 11. d4 cxd4 12. cxd4 Bg4 13. dxe5 Nxe5 14. Bf4 Bxf3
15. gxf3 b4 16. Bxe5 dxe5 17. Qxd8 Rfxd8 18. Nc4 Bc5 19. Red1 Bd4 20. Rd2 Nh5
21. Bb3 Nf4 22. Rad1 Rf8 23. Ne3 Rac8 24. Nd5 Nxd5 25. Bxd5 a5 26. f4 g6 27.
Kg2 Kg7 28. Kg3 f6 29. h4 Rc7 30. Rg1 exf4+ 31. Kxf4 Be5+ 32. Ke3 f5 33. h5
fxe4 34. Kxe4 Bf4 35. Rdd1 Rc2 36. hxg6 hxg6 37. Rg2 Re2+ 38. Kd4 Rxb2 39. Kc4
Rc2+ 40. Kb5 Rf5 41. Kb6 Rf6+ 42. Kb5 Bc7 43. Bc4 Rf5+ 44. Rd5 Kf6 45. Rxf5+
gxf5 46. Rg8 Rxf2 47. Rc8 Bd6 48. Re8 Rd2 49. Kxa5 f4 50. Re2 Rxe2 51. Bxe2 b3
52. Kb5 b2 53. Bd3 f3 54. Kc4 f2 55. Kd5 b1=Q 56. Bxb1 f1=Q 57. Bc2 Qe2 58. Bh7
Qh5+ 59. Kc4 Qxh7 60. Kc3 Qa7 61. Kb3 Ke5 62. Kc4 Qxa4+ 63. Kd3 Qd1+ 64. Kc4
Qb1 65. Kc3 Ke4 66. Kd2 Bb4+ 67. Ke2 Qe1# {Hossa checkmated} 0-1

[Event "ICS rated blitz match"]
[Site "204.178.125.65"]
[Date "2001.01.20"]
[Round "?"]
[White "PostModernist"]
[Black "Hossa"]
[Result "1-0"]
[WhiteElo "2629"]
[BlackElo "2543"]
[PlyCount "105"]
[EventDate "2001.??.??"]

1. e4 c5 2. c3 e6 3. d4 d5 4. e5 Nc6 5. Nf3 Qb6 6. Bd3 cxd4 7. cxd4 g5 8. h3
Bd7 9. Bc2 h6 10. O-O h5 11. Nxg5 Nxd4 12. Bh7 Nc6 13. Bxg8 Rxg8 14. Qxh5 Nxe5
15. Re1 Ng6 16. Nc3 Bc5 17. Nxd5 Bxf2+ 18. Kh1 Qd4 19. Nc7+ Kd8 20. Nxa8 Bxe1
21. Nf3 Qf2 22. Bg5+ Kc8 23. Rxe1 Qxb2 24. Qh7 Rg7 25. Qh6 Rg8 26. Rd1 Rh8 27.
Bc1 Qxa2 28. Qe3 Bc6 29. Rd2 Qa1 30. Qc5 Rh5 31. Qxh5 Qxc1+ 32. Kh2 Bxf3 33.
Qg5 Bd5 34. Rxd5 Qxg5 35. Rxg5 Kb8 36. h4 Ne7 37. h5 b6 38. h6 Kxa8 39. Rg7 Ng6
40. Rxf7 b5 41. Rg7 Nh8 42. Rg8+ Kb7 43. h7 Kc7 44. Rxh8 a5 45. Rf8 a4 46. h8=Q
Kc6 47. Qc3+ Kd6 48. Qd4+ Kc6 49. Rc8+ Kb7 50. Qd7+ Ka6 51. Qc6+ Ka5 52. Qc7+
Kb4 53. Qc3# {Hossa checkmated} 1-0

[Event "ICS rated blitz match"]
[Site "204.178.125.65"]
[Date "2001.01.20"]
[Round "?"]
[White "Hossa"]
[Black "Amateur"]
[Result "1/2-1/2"]
[WhiteElo "2531"]
[BlackElo "2619"]
[Annotator "Fritz 6 (19s)"]
[PlyCount "39"]
[EventDate "2001.??.??"]

1. e4 {C99: Spanische Partie (Tschigorin-System)} 1... e5 2. Nf3 Nc6 3. Bb5 a6
4. Ba4 Nf6 5. O-O Be7 6. Re1 b5 7. Bb3 d6 8. c3 {Befestigt b4+d4} 8... O-O 9.
h3 {Es geht um g4} 9... Na5 10. Bc2 c5 11. d4 Qc7 12. Nbd2 cxd4 13. cxd4 Bb7
14. d5 {Weiss gewinnt Raum} 14... Rac8 15. Bd3 Nd7 16. Nf1 Nc5 17. Bc2 Nd7 18.
Bd3 Nc5 19. Bc2 Nd7 20. Bd3 1/2-1/2

[Event "ICS rated blitz match"]
[Site "204.178.125.65"]
[Date "2001.01.20"]
[Round "?"]
[White "Amateur"]
[Black "Hossa"]
[Result "0-1"]
[WhiteElo "2615"]
[BlackElo "2535"]
[Annotator "Fritz 6 (19s)"]
[PlyCount "78"]
[EventDate "2001.??.??"]

1. c4 {A25: Englische Eroeffnung (Sizilianisch im Anzug)} 1... e5 2. Nc3 Nc6 3.
g3 f5 4. Bg2 Nf6 5. Nf3 e4 {Raumvorteil} 6. Ng1 Bc5 7. Nh3 O-O 8. O-O d6 9. d3
exd3 10. Bxc6 bxc6 11. Qxd3 d5 12. cxd5 cxd5 13. Bg5 c6 {Kontrolliert b5} 14.
Rac1 Bb4 15. a3 Bd6 16. Qf3 Bd7 17. Rcd1 Qb8 18. b4 Ne4 {Schwarz wird aktiv}
19. Bf4 a5 20. Na2 Re8 21. Rfe1 axb4 22. Nxb4 Bxf4 23. Nxf4 g5 24. Nh5 Qe5 25.
Rd3 Re6 26. Rb1 Rh6 {Schwarz droht Be8} 27. h3 Be8 28. g4 fxg4 29. hxg4 Bxh5
30. gxh5 Rf8 31. Qe3 (31. Qh1 $19) 31... Rxh5 32. Qh3 Rxh3 33. Rxh3 Nxf2 34.
Rf3 Ng4 35. Rh3 (35. Na2 {aendert nichts mehr} 35... Qh2+ 36. Kf1 Qh1#) 35...
Qd4+ 36. e3 Nxe3 37. Rh4 (37. Rd1 {hilft auch nicht mehr} 37... Qg4+ 38. Rg3
Qxg3+ 39. Kh1 Qg2#) 37... Qxh4 38. Nxc6 Qg4+ 39. Kh1 (39. Kh2 {
hilft allerdings auch nicht} 39... Qg2#) 39... Qg2# 0-1